000 00995cam a2200289 4500
001 5453
005 20181127175545.0
008 151007s2016 ii b 000 0 eng
010 _a 2015039140
020 _a9789351506409 (hardback : alk. paper)
020 _z9789351506393 (epub)
020 _z9789351506416 (ebook)
042 _apcc
043 _ad------
100 1 _aNaisbitt, John,
_eauthor.
245 1 0 _aGlobal game change :
_bhow the global Southern belt will reshape our world /
_cJohn and Doris Naisbitt.
264 1 _aNew Delhi ;
_aThousand Oaks :
_bSAGE,
_c[2016]
300 _apages cm
336 _atext
_2rdacontent
337 _aunmediated
_2rdamedia
338 _avolume
_2rdacarrier
504 _aIncludes bibliographical references.
650 0 _aEconomic development
_zDeveloping countries.
651 0 _aDeveloping countries
_xEconomic conditions
_y21st century.
651 0 _aDeveloping countries
_xForeign economic relations.
700 1 _aNaisbitt, Doris,
_eauthor.
999 _c4582
_d4582